000 00715nam a22002770a 4500
001 PT36368
003 AR-LpoUNG
005 20210131230353.0
008 191001s1998||||ag |||||||||||||||||spa d
020 _a8434839687
_c$4.75
040 _aAR-LpoUNG
_bspa
_cAR-LpoUNG
_eaacr
041 _aspa
044 _aag
082 0 _a808.068 3 454pap
100 1 _aAlonso, Manuel L.
245 1 0 _aPapá ya no vive con nosotros
250 _a5ta. ed.
260 _aBuenos Aires :
_bSM,
_c1998.
300 _a60 p. :
_bil.
505 0 _aSugerido a partir de 6 años (etiqueta AMARILLA)
650 4 _aCUENTOS
653 _aLITERATURA INFANTIL
700 1 _aBalzola, Asun
_eil.
905 _a36368
942 _cLIB
999 _c3021
_d3021